Top 10 siatkarzy - ranking ogólny - Statystyki

Ogólne statystyki
  • Ten quiz został rozwiązany 67 razy
  • Średni wynik to 2 z 10
Statystyki odpowiedzi
Miejsce Narodowość Pozycja Siatkarz % Poprawnych
2 Polska Przyjmujący Wilfredo León
98%
8 Brazylia Rozgrywający Bruno Rezende
40%
9 Kuba Środkowy Robertlandy Simón Aties
40%
7 Brazylia Atakujący Wallace de Souza
16%
4 Włochy Przyjmujący Osmany Juantorena
12%
1 Rosja Atakujący Maksim Mikhaylov
10%
5 Rosja Atakujący Dmitriy Muserskiy
3%
10 Serbia Atakujący Ivan Miljković
2%
3 Brazylia Libero Sergio Dutra Santos
2%
6 Rosja Przyjmujący Sergey Tetyukhin
0%
Nie znaleziono quizów pasujących do podanych kryteriów
Rozkład punktacji
Procent ludzi z każdym wynikiem
Percentyl według liczby udzielonych odpowiedzi
Twoja historia wyników
Nie rozwiązałeś tego quizu